[Event "ICS Rated blitz match"]
[Site "204.178.125.65"]
[Date "2000.06.06"]
[Round "?"]
[White "QueenMaxima"]
[Black "Hossa"]
[Result "1-0"]
[WhiteElo "2496"]
[BlackElo "2444"]
[PlyCount "115"]
[EventDate "2000.??.??"]

1. e4 e6 2. d4 d5 3. Nc3 Bb4 4. e5 b6 5. a3 Bxc3+ 6. bxc3 Ne7 7. Qg4 O-O 8. Bg5
Nd7 9. Bd3 f5 10. Qh4 Rf7 11. Nf3 Qe8 12. O-O Ng6 13. Qh5 c5 14. Bb5 Bb7 15.
dxc5 bxc5 16. Be3 Ngf8 17. Rab1 Qc8 18. Ng5 Re7 19. Qh4 Nxe5 20. Nxh7 Neg6 21.
Qh5 Nxh7 22. Qxg6 c4 23. Rfe1 e5 24. Bf4 Nf8 25. Qg5 Qc7 26. Bg3 f4 27. Bxf4
Nh7 28. Qh4 Rf8 29. Be3 Nf6 30. Bxa7 Ra8 31. Be3 Rxa3 32. Rb2 Rf7 33. Reb1 Bc8
34. Bc1 Ne4 35. Be8 Rf6 36. Bh5 Nxf2 37. Bg5 Qc5 38. Bxf6 Ne4+ 39. Kf1 Nxf6 40.
Rb5 Qf8 41. Kg1 Rxc3 42. Bg6 e4 43. Rxd5 Rxc2 44. Kh1 Re2 45. Rh5 Nxh5 46. Qxh5
Qf6 47. Bh7+ Kh8 48. Bxe4+ Kg8 49. Qxe2 Qf7 50. Rb8 Qe6 51. Qf3 g5 52. Bd5 Kg7
53. Bxe6 Bxe6 54. Qe3 Kf6 55. Rb6 Kg7 56. Qxe6 Kf8 57. Rb7 c3 58. Qc8# {
Hossa checkmated} 1-0

[Event "ICS Rated blitz match"]
[Site "204.178.125.65"]
[Date "2000.06.06"]
[Round "?"]
[White "Hossa"]
[Black "QueenMaxima"]
[Result "0-1"]
[WhiteElo "2430"]
[BlackElo "2511"]
[PlyCount "120"]
[EventDate "2000.??.??"]

1. d4 Nf6 2. c4 e6 3. Nf3 b6 4. g3 Ba6 5. b3 Bb7 6. a3 Bxf3 7. exf3 c5 8. dxc5
Bxc5 9. b4 Qc7 10. Bf4 e5 11. bxc5 exf4 12. Qe2+ Kd8 13. cxb6 Qxb6 14. Qd2 Nc6
15. Bg2 Re8+ 16. Kf1 Nd4 17. Qd1 Qb2 18. Nd2 Qc3 19. Bh3 Qd3+ 20. Kg2 Re2 21.
Ra2 Nxf3 22. Nxf3 Qxd1 23. Rxd1 Rxa2 24. gxf4 Kc7 25. Rd3 Rb8 26. Ne5 Rbb2 27.
Rf3 Ne4 28. Kg1 Nxf2 29. Bf1 f6 30. Nd3 Nxd3 31. Rxd3 Rxh2 32. Bh3 Rhd2 33.
Rxd2 Rxd2 34. Bf1 Rd4 35. f5 Kd6 36. Kh2 Ke5 37. c5 Kxf5 38. Ba6 Ke6 39. Bb5
Rd2+ 40. Kg1 Rc2 41. Bd3 Rc1+ 42. Kf2 f5 43. c6 dxc6 44. Ba6 Kd5 45. Bd3 Ke5
46. a4 Ra1 47. a5 Rxa5 48. Bc4 Ra3 49. Bf7 a5 50. Be8 c5 51. Bf7 a4 52. Bg8 Rb3
53. Ke2 Rb2+ 54. Kd1 a3 55. Kc1 Kd4 56. Bxh7 Kc3 57. Bg8 c4 58. Bxc4 Kxc4 59.
Kd1 a2 60. Ke1 a1=Q# {Hossa checkmated} 0-1

[Event "ICS rated standard match"]
[Site "204.178.125.65"]
[Date "2000.06.06"]
[Round "?"]
[White "Hossa"]
[Black "Bootemout"]
[Result "1-0"]
[WhiteElo "2313"]
[BlackElo "2000"]
[PlyCount "37"]
[EventDate "2000.??.??"]

1. d4 c6 2. e4 d6 3. Nf3 Qc7 4. Be2 g6 5. e5 d5 6. c4 Bg7 7. Nc3 e6 8. O-O Ne7
9. Bg5 O-O 10. b3 a5 11. Qc2 Na6 12. Qd2 Nf5 13. Bd3 dxc4 14. bxc4 Nb4 15. Bxf5
gxf5 16. Bf6 Bxf6 17. exf6 Kh8 18. Qh6 Rg8 19. Ng5 {Bootemout resigns} 1-0

[Event "ICS rated standard match"]
[Site "204.178.125.65"]
[Date "2000.06.06"]
[Round "?"]
[White "Narrator"]
[Black "Hossa"]
[Result "0-1"]
[WhiteElo "1979"]
[BlackElo "2318"]
[PlyCount "50"]
[EventDate "2000.??.??"]

1. e4 e6 2. d4 d5 3. exd5 exd5 4. Bd3 Nf6 5. Bf4 Nc6 6. Nf3 Bg4 7. c3 Qe7+ 8.
Be3 O-O-O 9. Nbd2 Re8 10. b4 Ne4 11. Qc2 Nxf2 12. Kxf2 Qxe3+ 13. Kf1 Qf4 14.
Qa4 Re3 15. Ba6 Bxf3 16. Nxf3 Rxf3+ 17. gxf3 Qxf3+ 18. Kg1 Qxc3 19. Rd1 bxa6
20. Qxa6+ Kd8 21. b5 Qe3+ 22. Kg2 Qe2+ 23. Kg3 Bd6+ 24. Kh3 Qf3+ 25. Kh4 Be7# {
Narrator checkmated} 0-1

[Event "ICS rated standard match"]
[Site "204.178.125.65"]
[Date "2000.06.06"]
[Round "?"]
[White "Hossa"]
[Black "Narrator"]
[Result "1-0"]
[WhiteElo "2322"]
[BlackElo "1975"]
[PlyCount "41"]
[EventDate "2000.??.??"]

1. d4 d5 2. Nf3 Nf6 3. e3 e6 4. Nbd2 Nbd7 5. Bd3 c5 6. b3 a6 7. c4 Bd6 8. cxd5
exd5 9. dxc5 Nxc5 10. Be2 Bf5 11. O-O O-O 12. Bb2 Nd3 13. Qb1 Nxb2 14. Qxf5 Ba3
15. Nb1 Qd6 16. Nxa3 Qxa3 17. Rfc1 a5 18. Rc2 a4 19. Rb1 axb3 20. axb3 Qxb3 21.
Rcxb2 {Narrator resigns} 1-0

[Event "ICS rated standard match"]
[Site "204.178.125.65"]
[Date "2000.06.06"]
[Round "?"]
[White "Narrator"]
[Black "Hossa"]
[Result "0-1"]
[WhiteElo "1971"]
[BlackElo "2326"]
[PlyCount "46"]
[EventDate "2000.??.??"]

1. e4 e6 2. d4 d5 3. exd5 exd5 4. Bd3 Nf6 5. Bf4 Nc6 6. Nf3 Bg4 7. c3 Qe7+ 8.
Be3 O-O-O 9. O-O Re8 10. Nbd2 Qd7 11. Qa4 Bd6 12. Bb5 a6 13. Bxc6 Qxc6 14. Qxc6
bxc6 15. Rfe1 Bf5 16. Bg5 Nd7 17. b4 Nb6 18. Rxe8+ Rxe8 19. Re1 Rxe1+ 20. Nxe1
Na4 21. c4 Bxb4 22. c5 Nc3 23. Nef3 Nxa2 {Narrator resigns} 0-1

[Event "ICS rated standard match"]
[Site "204.178.125.65"]
[Date "2000.06.06"]
[Round "?"]
[White "Hossa"]
[Black "QueenMaxima"]
[Result "0-1"]
[WhiteElo "2330"]
[BlackElo "2389"]
[PlyCount "74"]
[EventDate "2000.??.??"]

1. d4 Nf6 2. c4 e6 3. Nc3 Bb4 4. e3 O-O 5. Bd3 d5 6. Nf3 c5 7. cxd5 exd5 8. O-O
c4 9. Bc2 Nc6 10. e4 Bxc3 11. bxc3 Nxe4 12. Bxe4 dxe4 13. Nd2 Re8 14. Nxc4 Be6
15. Ne3 Qc7 16. d5 Rad8 17. c4 Bc8 18. Ba3 Ne5 19. Qd4 f5 20. Qxa7 f4 21. d6
Qf7 22. Nd5 f3 23. Ne7+ Kh8 24. Rfe1 fxg2 25. Rxe4 Qh5 26. Rxe5 Qxe5 27. Rc1
Bh3 28. Qxb7 Qe2 29. Qb1 Rb8 30. Qa1 Rf8 31. Bc5 Rxf2 32. Bxf2 Rf8 33. Ng6+
hxg6 34. Qxg7+ Kxg7 35. Bd4+ Kh6 36. Bg7+ Kxg7 37. a3 Qf2# {Hossa checkmated}
0-1

[Event "ICS rated blitz match"]
[Site "204.178.125.65"]
[Date "2000.06.06"]
[Round "?"]
[White "Hossa"]
[Black "StrongBach"]
[Result "1-0"]
[WhiteElo "2418"]
[BlackElo "1721"]
[PlyCount "55"]
[EventDate "2000.??.??"]

1. d4 d5 2. Nf3 Bf5 3. c4 b6 4. cxd5 Qxd5 5. Nc3 Qd6 6. e4 Bg4 7. e5 Qb4 8. a3
Qa5 9. b4 Qa6 10. Bxa6 Nxa6 11. Qa4+ Bd7 12. Qxa6 Bg4 13. Nd5 Bxf3 14. Nxc7+
Kd7 15. Nxa8 Bxa8 16. Qxa7+ Ke6 17. Qxa8 Nh6 18. Qc6+ Kf5 19. f3 f6 20. exf6 e6
21. fxg7 Bxg7 22. Bxh6 Kf6 23. Bxg7+ Kxg7 24. Qxe6 h6 25. Rc1 Rf8 26. Rc7+ Kh8
27. Qxh6+ Kg8 28. Qg7# 1-0

[Event "ICS Rated standard match"]
[Site "204.178.125.65"]
[Date "2000.06.06"]
[Round "?"]
[White "MissSilicon"]
[Black "Hossa"]
[Result "1-0"]
[WhiteElo "2438"]
[BlackElo "2317"]
[PlyCount "79"]
[EventDate "2000.??.??"]

1. d4 Nf6 2. c4 e6 3. Nc3 Bb4 4. Qc2 c5 5. Nf3 Nc6 6. dxc5 Bxc5 7. e3 d6 8. Be2
O-O 9. a3 Bd7 10. O-O Bb6 11. Rd1 Qb8 12. Nb5 d5 13. cxd5 exd5 14. Bd2 a6 15.
Nc3 d4 16. Na4 Bc7 17. Nc5 Bg4 18. h3 Bh5 19. Bc1 dxe3 20. Bxe3 Ne5 21. Nxe5
Bxe2 22. Qxe2 Bxe5 23. Rac1 Bh2+ 24. Kh1 Be5 25. Qf3 b6 26. Nd3 b5 27. Bg5 Bd4
28. Bf4 Qb6 29. Rc6 Qb7 30. Bg3 Ra7 31. Nb4 Bxb2 32. Bd6 Re8 33. Bc5 a5 34. Nd3
Bxa3 35. Bxa3 Nd7 36. Bb2 Nb8 37. Qg3 g6 38. Rd6 Qc8 39. Qh4 Ra6 40. Qf6 {
Hossa resigns} 1-0

[Event "ICS rated blitz match"]
[Site "204.178.125.65"]
[Date "2000.06.06"]
[Round "?"]
[White "MissSilicon"]
[Black "Hossa"]
[Result "1-0"]
[WhiteElo "2699"]
[BlackElo "2419"]
[PlyCount "209"]
[EventDate "2000.??.??"]

1. e4 e6 2. d4 d5 3. exd5 exd5 4. Bd3 Nf6 5. Nf3 Be7 6. O-O O-O 7. Re1 Re8 8.
Nc3 Bg4 9. h3 Bxf3 10. Qxf3 Nc6 11. Be3 Bb4 12. Reb1 Rb8 13. Ne2 Qd7 14. c3 Bd6
15. Bf5 Qe7 16. Re1 Ne4 17. Nf4 Bxf4 18. Bxf4 Ra8 19. Qg4 Qd8 20. f3 Nf6 21.
Qg3 Rxe1+ 22. Rxe1 Nh5 23. Qg4 Nxf4 24. Qxf4 a6 25. Qg4 g6 26. Bd3 Qd6 27. Qg5
Qd7 28. Re2 f5 29. Qe3 Rf8 30. b4 Ra8 31. a3 Rf8 32. a4 Nd8 33. b5 axb5 34.
axb5 Nf7 35. Qe7 Qc8 36. Qc5 Qd8 37. Bc2 Qd6 38. Re7 c6 39. Qxd6 Nxd6 40. bxc6
bxc6 41. Ba4 Rc8 42. Kf2 f4 43. Re6 Nf5 44. Rxc6 Rb8 45. Re6 Ne3 46. Re8+ Rxe8
47. Bxe8 Nd1+ 48. Ke2 Ne3 49. g3 g5 50. Bd7 Ng2 51. Kf2 Ne3 52. gxf4 gxf4 53.
Ke2 Kf7 54. Kd3 Nd1 55. Kc2 Ne3+ 56. Kb3 h6 57. Kb4 Ke7 58. Bb5 Kd6 59. Bd3 h5
60. Bg6 h4 61. Bd3 Nd1 62. Bc2 Nb2 63. Kb5 Nc4 64. Bd3 Ne3 65. Ka4 Ke6 66. Be2
Kf6 67. Kb4 Ke7 68. Kc5 Ke6 69. Bb5 Kf6 70. Ba4 Ke6 71. Bb3 Kd7 72. Bxd5 Nd1
73. c4 Nc3 74. Bc6+ Kc7 75. Be8 Ne2 76. Bh5 Nc3 77. d5 Ne2 78. Bg4 Nc3 79. d6+
Kd8 80. Kd4 Na2 81. Ke5 Nc1 82. Kxf4 Ke8 83. Kg5 Nb3 84. Be6 Kd8 85. Kf4 Nc5
86. Kf5 Nb3 87. Ke5 Nc1 88. c5 Nd3+ 89. Kd4 Nb4 90. f4 Nc6+ 91. Kd5 Nb4+ 92.
Kc4 Nc6 93. Bd5 Kd7 94. Bxc6+ Kxc6 95. f5 Kd7 96. Kd3 Kc6 97. f6 Kxc5 98. d7
Kb5 99. d8=Q Kc6 100. Qa8+ Kd6 101. f7 Kc7 102. f8=Q Kb6 103. Qb4+ Kc7 104.
Qab7+ Kd8 105. Q4e7# {Hossa checkmated} 1-0

[Event "ICS rated blitz match"]
[Site "204.178.125.65"]
[Date "2000.06.06"]
[Round "?"]
[White "StrongBach"]
[Black "Hossa"]
[Result "0-1"]
[WhiteElo "1736"]
[BlackElo "2414"]
[PlyCount "92"]
[EventDate "2000.??.??"]

1. d4 Nf6 2. Bg5 Ne4 3. Bh4 c5 4. dxc5 Na6 5. Nf3 Naxc5 6. a3 g6 7. Qd4 Rg8 8.
Nc3 Bg7 9. Ne5 Qa5 10. f4 d6 11. Nc4 Bxd4 12. Nxa5 Nxc3 13. e3 Bg7 14. h3 N3a4
15. Bb5+ Bd7 16. Bxa4 Nxa4 17. Nxb7 Bxb2 18. Rb1 Rb8 19. Nxd6+ exd6 20. Rd1
Bxa3 21. O-O Rc8 22. Ra1 Bb2 23. Rad1 Bb5 24. Rf2 Nc3 25. Rxd6 Ne4 26. c4 Bxc4
27. Rxg6 Rxg6 28. Rxb2 a5 29. f5 Rd6 30. Rb7 Rd7 31. Rb6 Rd1+ 32. Kh2 Kf8 33.
Rh6 Kg7 34. Rb6 a4 35. Be7 Ra8 36. Rc6 Bd5 37. Rc2 a3 38. f6+ Kg6 39. Bxa3 Rxa3
40. Re2 Raa1 41. g4 Rh1+ 42. Kg2 Rag1+ 43. Kf3 Rf1+ 44. Kg2 Ng5+ 45. e4 Rhg1+
46. Kh2 Nf3# 0-1

[Event "ICS rated bullet match"]
[Site "204.178.125.65"]
[Date "2000.06.06"]
[Round "?"]
[White "Hossa"]
[Black "JSBach"]
[Result "1-0"]
[WhiteElo "2286"]
[BlackElo "2065"]
[PlyCount "125"]
[EventDate "2000.??.??"]

1. e4 e6 2. d4 Nc6 3. Nf3 Bd6 4. Nbd2 Bf4 5. Bd3 Qe7 6. e5 Qb4 7. c3 Qe7 8. O-O
Bh6 9. Nc4 b5 10. Bxh6 Nxh6 11. Ne3 Rb8 12. Qe2 b4 13. c4 O-O 14. Be4 Bb7 15.
Bxc6 Bxc6 16. d5 exd5 17. Nxd5 Qc5 18. Ng5 Bxd5 19. Qd3 Rfe8 20. Qxh7+ Kf8 21.
Qh8+ Ke7 22. Qxg7 Qxc4 23. Qf6+ Kf8 24. Qxh6+ Kg8 25. Rfc1 Qe2 26. Qh7+ Kf8 27.
Qh8+ Ke7 28. Qf6+ Kf8 29. Nh7+ Kg8 30. Qh6 Rb6 31. Nf6+ Rxf6 32. exf6 Qg4 33.
f3 Bxf3 34. Qg7+ Qxg7 35. fxg7 Bc6 36. Re1 Rb8 37. Re5 Kxg7 38. h3 d5 39. Rc1
Kf6 40. Re2 Bb5 41. Rf2+ Ke5 42. Rxf7 c6 43. Re1+ Kd4 44. Rxa7 Bd3 45. Rc1 c5
46. h4 Rg8 47. Rd1 Rg4 48. h5 Rh4 49. Rg7 b3 50. a4 c4 51. Rg5 Re4 52. Rf5 Re6
53. Rf4+ Kc5 54. Rf8 Be2 55. Re1 d4 56. h6 Rxh6 57. Rxe2 Kb4 58. Re4 Rd6 59.
Rb8+ Kxa4 60. Re1 Rb6 61. Rxb6 Ka5 62. Rb8 Ka6 63. Ra1# {JSBach checkmated} 1-0

[Event "ICS rated blitz match"]
[Site "204.178.125.65"]
[Date "2000.06.06"]
[Round "?"]
[White "Hossa"]
[Black "Beadle"]
[Result "0-1"]
[WhiteElo "2415"]
[BlackElo "2492"]
[PlyCount "98"]
[EventDate "2000.??.??"]

1. e4 e5 2. Nc3 Nf6 3. Nf3 Nc6 4. Bc4 Nxe4 5. Nxe4 d5 6. Bxd5 Qxd5 7. Nc3 Qa5
8. O-O Bb4 9. Re1 O-O 10. a3 Bf5 11. Nxe5 Nxe5 12. axb4 Qxa1 13. Rxe5 Bxc2 14.
Qxc2 Rfe8 15. Re3 Rad8 16. Ne2 c6 17. b5 cxb5 18. d4 g6 19. Qc7 Rc8 20. Rxe8+
Rxe8 21. Kf1 Qa4 22. Ke1 Qxd4 23. Qc2 Qe5 24. f4 Qh5 25. h3 Qh4+ 26. Kf1 Qe7
27. f5 gxf5 28. Bh6 Qe5 29. Qd2 f6 30. Nf4 Kf7 31. Qd1 Qe4 32. b3 Re5 33. h4 b6
34. Qc1 Qd4 35. h5 Re7 36. g3 Rd7 37. Qe1 Qe4 38. Qxe4 fxe4 39. Ke2 a5 40. Nh3
a4 41. bxa4 bxa4 42. Bc1 Rc7 43. Be3 Rc4 44. Kd1 a3 45. Bc1 Rc3 46. Bxa3 Rxa3
47. Nf4 Rxg3 48. Kc2 f5 49. Kd2 b5 {Hossa resigns} 0-1

[Event "ICS rated standard match"]
[Site "204.178.125.65"]
[Date "2000.06.06"]
[Round "?"]
[White "Beadle"]
[Black "Hossa"]
[Result "1-0"]
[WhiteElo "2405"]
[BlackElo "2306"]
[PlyCount "84"]
[EventDate "2000.??.??"]

1. e4 c5 2. Nf3 d6 3. d4 Nf6 4. Nc3 cxd4 5. Nxd4 Nc6 6. Bg5 Bd7 7. Qd2 a6 8.
Nxc6 bxc6 9. Bc4 e5 10. f4 exf4 11. Qxf4 h6 12. Bxf6 Qxf6 13. Qxf6 gxf6 14. O-O
Be7 15. Nd1 Be6 16. Ne3 Bd8 17. Kh1 Bb6 18. Bxe6 Bxe3 19. Bc4 Ke7 20. c3 Rhg8
21. Rf3 Bg5 22. Raf1 Rgb8 23. R1f2 Rb7 24. g3 Kf8 25. h4 Bc1 26. b4 Rd7 27. Rf1
Bb2 28. Rb1 Ba3 29. Rxf6 Kg7 30. Rf5 c5 31. Rb3 Bc1 32. Rf1 Bd2 33. Rd1 Be3 34.
Rd3 Bc1 35. bxc5 Rad8 36. c6 Rc7 37. Rb6 a5 38. e5 Ba3 39. Rb7 Rxc6 40. Bxf7
Rc5 41. c4 Bb4 42. Be6+ Kh8 {Hossa resigns} 1-0

[Event "ICS rated blitz match"]
[Site "204.178.125.65"]
[Date "2000.06.06"]
[Round "?"]
[White "BG"]
[Black "Hossa"]
[Result "0-1"]
[WhiteElo "1498"]
[BlackElo "2402"]
[PlyCount "40"]
[EventDate "2000.??.??"]

1. e4 c5 2. f4 d5 3. d3 dxe4 4. dxe4 Qxd1+ 5. Kxd1 Nc6 6. Nc3 Nf6 7. Bb5 Bd7 8.
Nf3 a6 9. Bc4 Rd8 10. Nd5 Bg4 11. Ke2 Nd4+ 12. Kf2 Nxe4+ 13. Ke3 Bxf3 14. gxf3
Nxc2+ 15. Kxe4 Nxa1 16. Nc7+ Kd7 17. Nd5 f5+ 18. Kd3 b5 19. Nb6+ Kc6+ 20. Kc3
b4# {BG checkmated} 0-1

[Event "ICS rated blitz match"]
[Site "204.178.125.65"]
[Date "2000.06.06"]
[Round "?"]
[White "Hossa"]
[Black "PostModernist"]
[Result "1-0"]
[WhiteElo "2402"]
[BlackElo "2634"]
[PlyCount "263"]
[EventDate "2000.??.??"]

1. e4 c5 2. Nf3 d6 3. d4 Nf6 4. Nc3 cxd4 5. Nxd4 Nc6 6. Bg5 a6 7. Qd2 e6 8.
Nxc6 bxc6 9. O-O-O Be7 10. Bxf6 gxf6 11. f4 Bd7 12. Bd3 Qb6 13. f5 Rb8 14. b3
Qb4 15. Kb2 d5 16. Qh6 Kd8 17. Qg7 Kc7 18. Qxf7 d4 19. Nb1 Rbf8 20. Qh5 exf5
21. exf5 Qa5 22. Qh4 Bd6 23. Ka1 Be5 24. Qf2 Re8 25. Rhe1 Rhg8 26. g3 Kb8 27.
Re2 Bc7 28. Bc4 Rxe2 29. Qxe2 Re8 30. Be6 Bxe6 31. fxe6 Be5 32. Qd3 Rxe6 33.
Qc4 Re7 34. Qg8+ Ka7 35. Rd3 Qc5 36. Qf8 Kb6 37. Kb2 Rd7 38. Qc8 Rc7 39. Qa8
Ra7 40. Qd8+ Rc7 41. Nd2 Ka7 42. Qh8 Qd5 43. Nc4 Rb7 44. Kc1 Qh1+ 45. Rd1 Qxh2
46. Nxe5 fxe5 47. Qxe5 Rd7 48. Qe6 Rg7 49. Qxc6 Qxg3 50. Qc5+ Ka8 51. Qxd4 Qc7
52. Qf6 Kb7 53. Qf3+ Qc6 54. Qxc6+ Kxc6 55. Rh1 Kc5 56. Rh6 Ra7 57. c4 Kd4 58.
Kd2 Ke4 59. b4 Kd4 60. Rh4+ Ke5 61. c5 Kf5 62. Rh2 Ke4 63. Rh6 Kd4 64. a4 a5
65. Rh4+ Kd5 66. Rh5+ Kc4 67. b5 Kb4 68. c6 Rc7 69. Rh4+ Kc5 70. Kc1 Kd5 71.
Kd1 Kc5 72. Ke2 Re7+ 73. Kf1 Rf7+ 74. Kg1 Kb6 75. Rg4 h5 76. Rc4 Rf8 77. Rh4
Rf5 78. Rd4 Rf7 79. Kg2 Rc7 80. Kh1 Re7 81. Rh4 Re5 82. Rc4 Re7 83. Kg1 Kc7 84.
Rd4 Kb6 85. Rh4 Re5 86. Rc4 Re8 87. Kh2 Rg8 88. Re4 Rc8 89. Re7 Rb8 90. Rh7 Re8
91. Kh3 Kc5 92. Rxh5+ Kb6 93. Rh4 Rg8 94. Rg4 Rf8 95. Kg2 Rf7 96. Kg1 Kc5 97.
Rh4 Kd5 98. Rh6 Kc5 99. Rh2 Kb6 100. Rh4 Rf8 101. Rh7 Kc5 102. Rg7 Rc8 103. Rf7
Kc4 104. Kf1 Kb4 105. Rf4+ Ka3 106. Rd4 Kb2 107. Re4 Ka2 108. Re3 Kb2 109. Rf3
Rc7 110. Rf6 Rh7 111. b6 Ka3 112. b7 Rh1+ 113. Kg2 Rb1 114. Rf1 Rb2+ 115. Kg3
Rb6 116. Rf4 Ka2 117. Rd4 Ka3 118. c7 Rxb7 119. c8=Q Rb3+ 120. Kh4 Rb4 121.
Qc3+ Kxa4 122. Rxb4+ axb4 123. Qc4 Ka3 124. Kg4 b3 125. Kf3 Kb2 126. Ke4 Ka3
127. Kd4 b2 128. Qc3+ Ka2 129. Qc2 Ka3 130. Kc4 b1=Q 131. Qxb1 Ka4 132. Qa1#
1-0

[Event "ICS rated standard match"]
[Site "204.178.125.65"]
[Date "2000.06.06"]
[Round "?"]
[White "Hossa"]
[Black "Karol"]
[Result "0-1"]
[WhiteElo "2294"]
[BlackElo "2240"]
[PlyCount "86"]
[EventDate "2000.??.??"]

1. e4 e5 2. Nc3 Nf6 3. Nf3 Nc6 4. d4 exd4 5. Nxd4 Bc5 6. Nxc6 bxc6 7. Bd3 d6 8.
Na4 Nd7 9. Nxc5 Nxc5 10. Be3 Nxd3+ 11. cxd3 O-O 12. O-O c5 13. Qd2 Re8 14. Bg5
Qd7 15. Rfe1 a5 16. Qc2 Qe6 17. f3 a4 18. Red1 Bb7 19. d4 Qg6 20. Bf4 d5 21.
Bxc7 Rac8 22. Qxc5 dxe4 23. f4 e3 24. d5 e2 25. Re1 Qe4 26. Qf2 Rxc7 27. d6 Rd7
28. b3 Rxd6 29. f5 axb3 30. axb3 Qc2 31. Qg3 Rd1 32. f6 g6 33. h4 Rxa1 34. Rxa1
e1=Q+ 35. Rxe1 Rxe1+ 36. Kh2 Qc1 37. Qb8+ Bc8 38. Kg3 Qe3+ 39. Kh2 Qg1+ 40. Kg3
Re3+ 41. Kf4 Qf2+ 42. Kg5 Qf5+ 43. Kh6 Qh5# {Hossa checkmated} 0-1

[Event "ICS rated standard match"]
[Site "204.178.125.65"]
[Date "2000.06.06"]
[Round "?"]
[White "tovy"]
[Black "Hossa"]
[Result "0-1"]
[WhiteElo "2200"]
[BlackElo "2277"]
[PlyCount "28"]
[EventDate "2000.??.??"]

1. e4 c5 2. c3 Nf6 3. e5 Nd5 4. d4 cxd4 5. Bc4 Qc7 6. Qe2 Nb6 7. Bd3 Nc6 8. Nf3
d5 9. exd6 Qxd6 10. O-O Bg4 11. cxd4 Nxd4 12. Bb5+ Nd7 13. Qe4 Bxf3 14. gxf3
Nxb5 0-1

[Event "ICS rated standard match"]
[Site "204.178.125.65"]
[Date "2000.06.06"]
[Round "?"]
[White "QueenMaxima"]
[Black "Hossa"]
[Result "0-1"]
[WhiteElo "2386"]
[BlackElo "2279"]
[PlyCount "116"]
[EventDate "2000.??.??"]

1. e4 c5 2. Nf3 d6 3. d4 cxd4 4. Nxd4 Nf6 5. Nc3 e6 6. f4 Nc6 7. Nf3 Be7 8. Bd3
O-O 9. O-O d5 10. Kh1 dxe4 11. Nxe4 Bd7 12. Nxf6+ Bxf6 13. c3 Qc7 14. Qc2 g6
15. Be3 Rfd8 16. Rad1 Bg7 17. Qb3 Ne7 18. Bd4 Bxd4 19. Nxd4 Bc6 20. Bb5 Bxb5
21. Nxb5 Rxd1 22. Qxd1 Qc6 23. Qe2 Rd8 24. Nxa7 Qa4 25. Nb5 Qxa2 26. Nd4 Nd5
27. Qd2 Qa6 28. Re1 Qd6 29. Re4 b6 30. Nc2 Qe7 31. Rd4 Ra8 32. Na3 Qf8 33. c4
Nf6 34. Rd3 Ne4 35. Qe2 f5 36. Qe1 Qc5 37. Re3 Qc7 38. g3 e5 39. fxe5 Qxe5 40.
Qc1 Qc5 41. Qe1 Re8 42. Kg2 Qd4 43. Qe2 Qf6 44. b4 Qc6 45. Kg1 Qd6 46. Nc2 Rd8
47. Kg2 Qd2 48. Kf3 Qc1 49. Rd3 Qh1+ 50. Kf4 g5+ 51. Ke5 Re8+ 52. Kd4 Qb1 53.
Qh5 Qb2+ 54. Ke3 Re7 55. Rd8+ Kg7 56. Qd1 Qb3+ 57. Qd3 Nc5+ 58. Kd2 Nxd3 {
QueenMaxima resigns} 0-1

[Event "ICS rated standard match"]
[Site "204.178.125.65"]
[Date "2000.06.06"]
[Round "?"]
[White "Hossa"]
[Black "RPF"]
[Result "1-0"]
[WhiteElo "2300"]
[BlackElo "2200"]
[PlyCount "57"]
[EventDate "2000.??.??"]

1. e4 c5 2. Nf3 d6 3. d4 cxd4 4. Nxd4 Nf6 5. Nc3 Bd7 6. Be2 g6 7. Bg5 Bg7 8.
O-O O-O 9. Nd5 e6 10. Nxf6+ Bxf6 11. Bh6 Re8 12. Qd2 Nc6 13. Nb5 d5 14. c4 Ne5
15. cxd5 Bc6 16. dxc6 Qxd2 17. Bxd2 Nxc6 18. Nc7 Bxb2 19. Rab1 Nd4 20. Bc4 Rec8
21. Nxa8 Rxc4 22. Rxb2 Rc8 23. Be3 Nc6 24. Rxb7 Rxa8 25. Rc1 Rd8 26. Bxa7 Nd4
27. Kf1 Kg7 28. Rcc7 Rd6 29. Bc5 1-0

[Event "ICS rated standard match"]
[Site "204.178.125.65"]
[Date "2000.06.07"]
[Round "?"]
[White "Hossa"]
[Black "jossu"]
[Result "1-0"]
[WhiteElo "2301"]
[BlackElo "2186"]
[PlyCount "73"]
[EventDate "2000.??.??"]

1. e4 c5 2. Nf3 e6 3. d4 cxd4 4. Nxd4 Nc6 5. Nb5 d6 6. Bf4 e5 7. Be3 a6 8. N5c3
Nf6 9. Nd5 Nxd5 10. exd5 Nb8 11. c4 Nd7 12. Bd3 Be7 13. Nc3 O-O 14. Qc2 g6 15.
O-O f5 16. Bh6 Rf7 17. Qd2 Bf6 18. b4 e4 19. Be2 Ne5 20. c5 Bd7 21. cxd6 Rc8
22. Rac1 Qb6 23. Na4 Qxd6 24. Nc5 Rc7 25. Rfd1 Bc8 26. Qe3 Bh8 27. Ne6 Rxc1 28.
Qxc1 Bd7 29. Nd8 Re7 30. Nxb7 Qxb4 31. Nc5 Bb5 32. Bd2 Qd4 33. Bxb5 axb5 34.
Bg5 Nd3 35. Nxd3 Re8 36. Nc5 Qb4 37. d6 1-0

[Event "ICS rated standard match"]
[Site "204.178.125.65"]
[Date "2000.06.07"]
[Round "?"]
[White "afr64"]
[Black "Hossa"]
[Result "0-1"]
[WhiteElo "1973"]
[BlackElo "2312"]
[PlyCount "31"]
[EventDate "2000.??.??"]

1. e4 c5 2. Nc3 Nc6 3. g3 g6 4. Bg2 d6 5. d3 Nf6 6. f4 Bg7 7. Be3 c4 8. d4 Ng4
9. Qe2 Nxd4 10. Bxd4 Bxd4 11. Qxc4 Ne3 12. Qe2 Qb6 13. Nf3 Qxb2 14. Nxd4 Qxc3+
15. Kf2 Ng4+ 16. Qxg4 0-1

[Event "ICS rated standard match"]
[Site "204.178.125.65"]
[Date "2000.06.07"]
[Round "?"]
[White "QueenMaxima"]
[Black "Hossa"]
[Result "1-0"]
[WhiteElo "2379"]
[BlackElo "2316"]
[PlyCount "153"]
[EventDate "2000.??.??"]

1. e4 c5 2. Nf3 d6 3. d4 cxd4 4. Nxd4 Nf6 5. Nc3 e6 6. g4 e5 7. Bb5+ Bd7 8.
Bxd7+ Qxd7 9. Nf5 h5 10. gxh5 Nxh5 11. Bh6 Nc6 12. Nd5 g6 13. Qxh5 Bxh6 14.
Nf6+ Kd8 15. Nxd7 gxh5 16. Rd1 Kxd7 17. Rxd6+ Kc7 18. Rxh6 Rxh6 19. Nxh6 f6 20.
Rg1 Nb4 21. Ke2 Rd8 22. a3 Nc6 23. Nf5 Nd4+ 24. Nxd4 Rxd4 25. Rg7+ Kc8 26. f3
Rd7 27. Rg6 Rc7 28. Kd2 Rd7+ 29. Kc1 Rh7 30. Rxf6 Rg7 31. Rf5 Rg1+ 32. Kd2 Rg2+
33. Kd3 Rxh2 34. Rxe5 Rf2 35. Rc5+ Kd7 36. Ke3 Rh2 37. f4 b6 38. Rd5+ Ke8 39.
Rd2 Rh3+ 40. Kd4 Rh1 41. Ke5 h4 42. c4 h3 43. Rd3 Kf7 44. b4 h2 45. Rd2 a5 46.
c5 axb4 47. cxb6 bxa3 48. b7 Rb1 49. Rxh2 Ke7 50. Kd5 Kd7 51. Rh7+ Kd8 52. Kc6
Rc1+ 53. Kd6 Rd1+ 54. Kc5 Rb1 55. Kc6 Rc1+ 56. Kd6 Rd1+ 57. Kc5 Rb1 58. Kd5 a2
59. Rh8+ Ke7 60. Ra8 Rxb7 61. Rxa2 Ke8 62. e5 Rd7+ 63. Ke4 Rd1 64. Ra7 Rf1 65.
f5 Rg1 66. e6 Re1+ 67. Kd5 Kf8 68. f6 Rd1+ 69. Kc4 Kg8 70. Ra8+ Kh7 71. e7 Kg6
72. e8=Q+ Kh6 73. Ra5 Rc1+ 74. Kb3 Rb1+ 75. Ka2 Rb5 76. Rxb5 Kh7 77. Rh5# 1-0

[Event "ICS rated blitz match"]
[Site "204.178.125.65"]
[Date "2000.06.07"]
[Round "?"]
[White "QueenMaxima"]
[Black "Hossa"]
[Result "1-0"]
[WhiteElo "2524"]
[BlackElo "2427"]
[PlyCount "115"]
[EventDate "2000.??.??"]

1. e4 c5 2. Nf3 d6 3. d4 Nf6 4. Nc3 cxd4 5. Nxd4 Nc6 6. Bg5 e6 7. Qd2 a6 8.
O-O-O Bd7 9. f4 h6 10. Bh4 g5 11. fxg5 Ng4 12. Nxc6 Bxc6 13. Be2 Ne5 14. g3 Ng6
15. Rdf1 h5 16. Qd4 Rc8 17. Kb1 Qc7 18. a3 b5 19. h3 Bb7 20. a4 b4 21. Qxb4 Bg7
22. Rf3 Ne5 23. Rf2 Nc6 24. Qc4 Qd7 25. Qd3 Nb4 26. Qd1 Rxc3 27. bxc3 Qxa4 28.
Rf6 Na2 29. Qxd6 Nxc3+ 30. Kb2 Nxe2 31. Qb8+ Ke7 32. Qxb7+ Qd7 33. Qb4+ Ke8 34.
Ra1 Qa7 35. Rd1 Rg8 36. Qd2 Qb6+ 37. Ka2 Qc7 38. Qxe2 Qa5+ 39. Kb3 Qb6+ 40. Ka4
Bxf6 41. gxf6 Qc7 42. e5 Qc3 43. Qe4 Qc8 44. Kb3 Rh8 45. Qb4 Qc7 46. Qe7+ Qxe7
47. fxe7 f6 48. Rd8+ Kxe7 49. Rxh8 Kf7 50. exf6 Kg6 51. Ra8 Kf7 52. Ra7+ Kg8
53. f7+ Kg7 54. Bg5 e5 55. Bh6+ Kxh6 56. f8=Q+ Kg5 57. Rg7+ Kh6 58. Qh8# {
Hossa checkmated} 1-0